[Event "Odense Andersen op"]
[Site "Odense"]
[Date "2013.05.11"]
[Round "7"]
[White "Christensen, Kristen Bjorn"]
[Black "Jacobsen, Steen Hefsgaard"]
[Result "1/2-1/2"]
[WhiteElo "1579"]
[BlackElo "2041"]
[PlyCount "57"]
[EventDate "2013.05.08"]
[EventType "swiss"]
[EventRounds "9"]
[EventCountry "DEN"]
[SourceTitle "CBM 154 Extra"]
[Source "ChessBase"]
[SourceDate "2013.06.25"]
[SourceVersion "2"]
[SourceVersionDate "2013.06.25"]
[SourceQuality "1"]

1. d4 Nf6 2. c3 d5 3. e3 c6 4. f4 Nbd7 5. Bd3 Ne4 6. Nd2 Ndf6 7. Ngf3 e6 8. 0-0 Bd6 9. Ne5 Nxd2 10. Bxd2 0-0 11. g4 h6 12. g5 hxg5 13. fxg5 Ne4 14. g6 Qg5+ 15. Kh1 Bxe5 16. gxf7+ Rxf7 17. Bxe4 Qh4 18. dxe5 Qxe4+ 19. Kg1 Rxf1+ 20. Qxf1 Qxe5 21. Qg2 Bd7 22. Rf1 Rf8 23. Re1 Be8 24. e4 Qf6 25. exd5 cxd5 26. Be3 a6 27. Bd4 Qg6 28. Qxg6 Bxg6 29. Rxe6 1/2-1/2